000 00805nam1a22002411i 4500
001 rc\104044
005 20240726011439.0
010 _a5885903824
_910000
035 _a(NLR Aleph) 005393426
090 _a7206786
_c7206786
100 _a20021216d1996 u |0rusy50 ca
101 0 _arus
102 _aRU
105 _ay |||||||||
200 1 _aТанцы с королями
_e[В 2 т.]
_fРозалинда Лейкер
_g[Перевод с англ. И.С. Соколова]
210 _aСмоленск
_cФирма "Русич"
_d1996
215 _d22
225 1 _aДиадема
_eЖенский любовно-исторический роман
700 1 _aЛейкер
_bР.
_gРозалинда
801 0 _aRU
_bNLR
_gpsbo
801 1 _aRU
_bELAR
_2rusmarc
852 _aNLR
_j96-3/5529
942 _cBOOK